Museos del Banco Central : (Record no. 741)
[ view plain ]
| 000 -LEADER | |
|---|---|
| campo de control de longitud fija | 01496nam a22002177a 4500 |
| 008 - DATOS DE LONGITUD FIJA--INFORMACIÓN GENERAL | |
| campo de control de longitud fija | 150914b xxu||||| |||| 00| 0 eng d |
| 020 ## - NÚMERO INTERNACIONAL ESTÁNDAR DEL LIBRO | |
| Número Internacional Estándar del Libro | 9789968530187 |
| 082 ## - NÚMERO DE LA CLASIFICACIÓN DECIMAL DEWEY | |
| Número de clasificación | 708.972.86 |
| Número de ítem | M986m |
| 100 ## - ENTRADA PRINCIPAL--NOMBRE DE PERSONA | |
| Nombre de persona | Fundación Museos Banco Central |
| 9 (RLIN) | 3583 |
| 245 ## - MENCIÓN DEL TÍTULO | |
| Título | Museos del Banco Central : |
| Resto del título | sus tesoros |
| Mención de responsabilidad, etc. | Fundación Museos Banco Central |
| 260 ## - PUBLICACIÓN, DISTRIBUCIÓN, ETC. | |
| Lugar de publicación, distribución, etc. | San José : |
| Nombre del editor, distribuidor, etc. | Fundación Museos Banco Central |
| Fecha de publicación, distribución, etc. | 2014 |
| 300 ## - DESCRIPCIÓN FÍSICA | |
| Extensión | 153p. |
| Otras características físicas | ill. (col.) |
| Dimensiones | 28 cm |
| 505 ## - NOTA DE CONTENIDO CON FORMATO | |
| Título | 1. Plaza de la Cultura -Museos del Banco Central: arquitectura, ingeniería y urbanismo de un anhelo = Plaza de la Cultura-Museums of the Central Bank: The Architecture, Engineering and Urban Planning of a Wish. |
| -- | 2. Las colecciones del MBCCR: La Colección de Arqueología = The Central Bank Museums Collections: The Archaeological Collection |
| -- | 3. Las colecciones del MBCCR: La Colección Numismática = The Central Bank Museums Collections: The Numismatic Collection |
| -- | 4. Las colecciones del MBCCR: La Colección de Artes Visuales = The Central Bank Museums Collections: The Visual Arts Collection |
| -- | 5. Aporte cultural del Banco Central de Costa Rica = Cultura Contributions of the Central Bank of Costa Rica |
| 650 ## - PUNTO DE ACCESO ADICIONAL DE MATERIA--TÉRMINO DE MATERIA | |
| Término de materia o nombre geográfico como elemento de entrada | Museos de arte |
| 9 (RLIN) | 73 |
| 650 ## - PUNTO DE ACCESO ADICIONAL DE MATERIA--TÉRMINO DE MATERIA | |
| Término de materia o nombre geográfico como elemento de entrada | Banco Central de Costa Rica |
| Subdivisión general | Museos |
| 9 (RLIN) | 3584 |
| 650 ## - PUNTO DE ACCESO ADICIONAL DE MATERIA--TÉRMINO DE MATERIA | |
| Término de materia o nombre geográfico como elemento de entrada | Museos arqueológicos |
| 9 (RLIN) | 3585 |
| 650 ## - PUNTO DE ACCESO ADICIONAL DE MATERIA--TÉRMINO DE MATERIA | |
| Término de materia o nombre geográfico como elemento de entrada | Numismática costarricense |
| 9 (RLIN) | 3385 |
| 650 ## - PUNTO DE ACCESO ADICIONAL DE MATERIA--TÉRMINO DE MATERIA | |
| Término de materia o nombre geográfico como elemento de entrada | Monedas costarricenses |
| 9 (RLIN) | 3586 |
| 650 ## - PUNTO DE ACCESO ADICIONAL DE MATERIA--TÉRMINO DE MATERIA | |
| Término de materia o nombre geográfico como elemento de entrada | Billetes de Banco |
| Subdivisión general | Historia |
| Subdivisión geográfica | Costa Rica |
| 9 (RLIN) | 3587 |
| 650 ## - PUNTO DE ACCESO ADICIONAL DE MATERIA--TÉRMINO DE MATERIA | |
| Término de materia o nombre geográfico como elemento de entrada | Arte costarriucense |
| Subdivisión general | Colecciones |
| 9 (RLIN) | 3588 |
| Estatus retirado | Estado de pérdida | Fuente del sistema de clasificación o colocación | Estado de daño | No para préstamo | Biblioteca de origen | Biblioteca actual | Ubicación en estantería | Fecha de adquisición | Total de préstamos | Signatura topográfica completa | Código de barras | Visto por última vez | Precio de reemplazo | Tipo de ítem Koha |
|---|---|---|---|---|---|---|---|---|---|---|---|---|---|---|
| Clasificación Decimal Dewey | Biblioteca LadoV | Biblioteca LadoV | 14/09/2015 | 708.972.86 M986m | 004114 | 14/09/2015 | 14/09/2015 | Material 01 |
